Vista normal Vista MARC

Entrada Topical Term

Número de registros utilizados en: 1

001 - CONTROL NUMBER

  • control field: 9467

003 - CONTROL NUMBER IDENTIFIER

  • control field: OSt

005 - DATE AND TIME OF LATEST TRANSACTION

  • control field: 20200828152414.0

008 - FIXED-LENGTH DATA ELEMENTS

  • fixed length control field: 200828|| aca||aabn | a|a d

040 ## - CATALOGING SOURCE

  • Original cataloging agency: OSt
  • Transcribing agency: OSt

150 ## - HEADING--TOPICAL TERM

  • Topical term or geographic name entry element: Echeverri Mejía, Arturo,
  • Chronological subdivision: Crítica literaria
  • Form subdivision: 1918-1964

670 ## - SOURCE DATA FOUND

  • Source citation: Work cat.: (OSt): Escobar Mesa, Augusto, autor 9465, De capitán de mares a piloto de si mismo : , 1995.